000 00401nam a22001217a 4500
999 _c9778
_d9778
003 OSt
008 201203b ||||| |||| 00| 0 eng d
245 _aInventi Impact : Supply Chain And Logistics
250 _a2016(Jan-Mar Vol.2016 No.1, Apr-Jun Vol.2016 No.2, Jul-Sep Vol.2016 No.3, Oct-Dec Vol.2016 No.4)
260 _aBhopal M.P.
_bInventi Journals [p] Ltd.
650 _aManagement
942 _2ddc
_cBV